Most Populous US Cities Starting With D - Statistics

General Stats
  • This quiz has been taken 81 times
  • The average score is 5 of 9
Answer Stats
Population Answer Rank % Correct
1.3 M Dallas 9th
97%
750 K Denver 19th
96%
616 K Detroit 28th
86%
137 K Dayton 200th
55%
217 K Des Moines 111th
52%
300 K Durham 73rd
45%
147 K Denton 194th
30%
108 K Dearborn 285th
20%
111 K Downey 273rd
19%
No matching quizzes found
Score Distribution
Percent of People with Each Score
Percentile by Number Answered
Your Score History
You have not taken this quiz